000 00331nam a2200133Ia 4500
008 150201s2014 xx 000 0 und d
082 _a617.695
_bM2013M
100 _aMAHALAXMI ,S
245 _aMATERIALS USED IN DENTISTRY
250 _a1ST
260 _bWOLTER KLUWER PUBLICATION
650 _aPROSTHODONTICS
942 _2ddc
_cBK
_01
999 _c4853
_d4853